[Event "Berlin Radtke Memorial op"]
[Site "Berlin"]
[Date "2023.10.26"]
[Round "6"]
[White "Von Mettenheim, Johannes"]
[Black "Parvanyan, Ashot"]
[Result "0-1"]
[WhiteElo "2275"]
[BlackElo "2409"]
[PlyCount "56"]
[EventDate "2023.10.23"]
[EventType "swiss"]
[EventRounds "9"]
[EventCountry "GER"]
[SourceTitle "Mega2024 Update 01"]
[Source "Chessbase"]
[SourceDate "2023.11.12"]
[SourceVersion "1"]
[SourceVersionDate "2023.11.12"]
[SourceQuality "1"]

1. d4 Nf6 2. c4 c5 3. d5 g6 4. Nc3 Bg7 5. e4 d6 6. h3 0-0 7. Nf3 e5 8. Bd3 Nbd7 9. Be3 Nh5 10. a3 Nf4 11. Bf1 h6 12. Qd2 Kh7 13. g3 Nh5 14. Bd3 Qe7 15. Nh4 Nf4 16. gxf4 Qxh4 17. 0-0-0 f5 18. exf5 gxf5 19. Nb5 exf4 20. Bxf4 Ne5 21. Be2 Bd7 22. Nc7 Rac8 23. Ne6 Bxe6 24. dxe6 Rce8 25. Rhg1 Rxe6 26. Rg3 Ng6 27. Bxd6 Rd8 28. Rd3 Qxc4+ 0-1

[Event "Berlin Radtke Memorial op"]
[Site "Berlin"]
[Date "2023.10.24"]
[Round "2"]
[White "Valdats, Reinis"]
[Black "Parvanyan, Ashot"]
[Result "0-1"]
[WhiteElo "2067"]
[BlackElo "2409"]
[PlyCount "118"]
[EventDate "2023.10.23"]
[EventType "swiss"]
[EventRounds "9"]
[EventCountry "GER"]
[SourceTitle "Mega2024 Update 01"]
[Source "Chessbase"]
[SourceDate "2023.11.12"]
[SourceVersion "1"]
[SourceVersionDate "2023.11.12"]
[SourceQuality "1"]

1. e4 Nc6 2. d4 d6 3. Nc3 g6 4. Be3 Bg7 5. Qd2 e5 6. dxe5 Nxe5 7. f4 Nc6 8. 0-0-0 Nf6 9. h3 0-0 10. g4 Qe8 11. Bg2 Na5 12. g5 Nh5 13. Nge2 Nc4 14. Qd3 Nxe3 15. Qxe3 f5 16. Bf3 fxe4 17. Bxh5 gxh5 18. Nd5 Qf7 19. Qxe4 Re8 20. Qf3 h4 21. Nd4 c6 22. Nc3 Bf5 23. Nxf5 Qxf5 24. Rxd6 Be5 25. Rd3 Qxf4+ 26. Kb1 Qxf3 27. Rxf3 Bg3 28. Rhf1 Re5 29. a4 Rae8 30. Ka2 Rxg5 31. Rf7 Rg7 32. R7f5 Rge7 33. Rg5+ Rg7 34. Rgf5 h6 35. Kb3 Rge7 36. Rf6 Re6 37. Rf7 R6e7 38. R7f6 Re6 39. Rf7 R8e7 40. Rf8+ Kg7 41. Ra8 a6 42. Rff8 Rf7 43. Rh8 Kg6 44. Rag8+ Rg7 45. Rf8 Re3 46. Kc4 Bd6 47. Re8 Be7 48. Rhg8 Rxg8 49. Rxg8+ Kf5 50. Rb8 b5+ 51. axb5 axb5+ 52. Kd4 Rxh3 53. Rc8 Bf6+ 54. Kc5 Bxc3 55. Rxc6 Bxb2 56. Rxh6 Bf6 57. Kxb5 Rc3 58. Kb4 Rxc2 59. Rh7 Kg4 0-1

[Event "Munich Pfingst op-A 1st"]
[Site "Munich"]
[Date "2023.06.03"]
[Round "4"]
[White "Kulon, Klaudia"]
[Black "Parvanyan, Ashot"]
[Result "1-0"]
[WhiteElo "2314"]
[BlackElo "2431"]
[PlyCount "73"]
[EventDate "2023.05.31"]
[EventType "swiss"]
[EventRounds "9"]
[EventCountry "GER"]
[SourceTitle "CBM 214 Extra"]
[Source "ChessBase"]
[SourceDate "2023.07.31"]
[SourceVersion "1"]
[SourceVersionDate "2023.07.31"]
[SourceQuality "1"]

1. d4 Nf6 2. Bg5 d5 3. Bxf6 exf6 4. e3 Bd6 5. Bd3 f5 6. Nd2 c6 7. c4 dxc4 8. Bxc4 0-0 9. Qc2 a5 10. Bd3 g6 11. h4 Na6 12. a3 c5 13. Bxa6 Rxa6 14. dxc5 Be7 15. Ngf3 Qd5 16. Rc1 a4 17. h5 g5 18. 0-0 g4 19. Nh2 f4 20. exf4 Qxh5 21. Rfe1 Bf5 22. Qc4 Rh6 23. Ndf1 Bf6 24. Qxa4 Bd3 25. Qd7 Bf5 26. Qxb7 Bd4 27. Qd5 Bxb2 28. Rcd1 Bf6 29. g3 Rc8 30. Qg2 Be6 31. c6 Bg7 32. c7 Rxc7 33. Rd8+ Bf8 34. Qa8 Qc5 35. Re5 Qe7 36. f5 Rh5 37. f6 1-0

[Event "Bundesliga 2223"]
[Site "Germany"]
[Date "2023.04.01"]
[Round "12.3"]
[White "Jaracz, Pawel"]
[Black "Parvanyan, Ashot"]
[Result "1/2-1/2"]
[WhiteElo "2463"]
[BlackElo "2439"]
[PlyCount "53"]
[EventDate "2022.10.21"]
[EventType "team-tourn"]
[EventRounds "15"]
[EventCountry "GER"]
[SourceTitle "CBM 213 Extra"]
[Source "ChessBase"]
[SourceDate "2023.05.31"]
[SourceVersion "1"]
[SourceVersionDate "2023.05.31"]
[SourceQuality "1"]
[WhiteTeam "Remagen Sinzig"]
[BlackTeam "Kiel Turm"]
[WhiteTeamCountry "GER"]
[BlackTeamCountry "GER"]

1. e4 e5 2. Nf3 Nc6 3. Bb5 a6 4. Ba4 d6 5. c3 g6 6. d4 Bd7 7. 0-0 Bg7 8. Re1 Nf6 9. h3 0-0 10. Bc2 Re8 11. Nbd2 b5 12. Nf1 Nh5 13. Be3 Na5 14. b3 Rc8 15. Qd2 c5 16. dxc5 dxc5 17. Rad1 Rc7 18. c4 Nb7 19. cxb5 axb5 20. b4 Qc8 21. bxc5 Nxc5 22. Bxc5 Rxc5 23. Bb3 Be6 24. Ne3 Bh6 25. Qd6 Bxb3 26. axb3 Bxe3 27. Rxe3 1/2-1/2

[Event "Bundesliga 2223"]
[Site "Germany"]
[Date "2022.10.22"]
[Round "1.7"]
[White "Donchenko, Alexander"]
[Black "Parvanyan, Ashot"]
[Result "1-0"]
[WhiteElo "2646"]
[BlackElo "2439"]
[PlyCount "79"]
[EventDate "2022.10.21"]
[EventType "team-tourn"]
[EventRounds "15"]
[EventCountry "GER"]
[SourceTitle "CBM 211"]
[Source "ChessBase"]
[SourceDate "2022.12.31"]
[SourceVersion "1"]
[SourceVersionDate "2022.12.31"]
[SourceQuality "1"]
[WhiteTeam "Baden-Baden"]
[BlackTeam "Kiel Turm"]
[WhiteTeamCountry "GER"]
[BlackTeamCountry "GER"]

1. Nf3 Nf6 2. c4 e6 3. Nc3 d5 4. e3 a6 5. b3 Bd6 6. Bb2 0-0 7. Be2 b6 8. Qc2 Bb7 9. 0-0 c5 10. cxd5 exd5 11. d4 Nbd7 12. Rfd1 Qe7 13. Rac1 Rac8 14. dxc5 bxc5 15. Qf5 Qe6 16. Bd3 g6 17. Qg5 Ne5 18. Nxe5 Bxe5 19. Na4 Bxb2 20. Nxb2 Rc6 21. Be2 Rfc8 22. Bf3 R6c7 23. Qf4 Nd7 24. Nd3 c4 25. Nb4 Nf6 26. h4 a5 27. Nd3 Re7 28. Nb2 cxb3 29. Rxc8+ Bxc8 30. axb3 Rb7 31. Nd3 Qe7 32. Ne5 Bf5 33. Bxd5 Nxd5 34. Rxd5 Rxb3 35. Nc6 Qe4 36. Qh6 Rb8 37. f3 Qb1+ 38. Kh2 Be6 39. Ne7+ Kh8 40. Rh5 1-0

[Event "GER-ch 93rd"]
[Site "Magdeburg"]
[Date "2022.08.17"]
[Round "5"]
[White "Parvanyan, Ashot"]
[Black "Braun, Georg"]
[Result "1/2-1/2"]
[WhiteElo "2424"]
[BlackElo "2398"]
[PlyCount "75"]
[EventDate "2022.08.14"]
[EventType "swiss"]
[EventRounds "9"]
[EventCountry "GER"]
[SourceTitle "CBM 209 Extra"]
[Source "ChessBase"]
[SourceDate "2022.09.30"]
[SourceVersion "1"]
[SourceVersionDate "2022.09.30"]
[SourceQuality "1"]

1. e4 c6 2. d4 d5 3. e5 Bf5 4. h4 h6 5. g4 Bd7 6. h5 e6 7. f4 c5 8. c3 Qb6 9. Nf3 Bb5 10. Kf2 Bxf1 11. Rxf1 Nd7 12. Kg2 Ne7 13. Rf2 cxd4 14. cxd4 g6 15. hxg6 fxg6 16. Nc3 h5 17. g5 Nf5 18. Qd3 Nb8 19. Na4 Qa6 20. Qd1 Nc6 21. a3 Rh7 22. Kh3 b5 23. Nc3 Rb8 24. Ne2 Qb6 25. b3 Rc7 26. Bb2 Nce7 27. Qd3 Rbc8 28. Nc3 a6 29. a4 Nc6 30. axb5 Nb4 31. Qd2 axb5 32. Rff1 Nc6 33. Qd3 Kf7 34. Rfc1 Rb8 35. Ne2 Rbc8 36. Nc3 Rb8 37. Ne2 Rbc8 38. Nc3 1/2-1/2

[Event "GER-ch 93rd"]
[Site "Magdeburg"]
[Date "2022.08.16"]
[Round "3"]
[White "Parvanyan, Ashot"]
[Black "Dobrikov, Marco"]
[Result "1-0"]
[WhiteElo "2424"]
[BlackElo "2223"]
[PlyCount "65"]
[EventDate "2022.08.14"]
[EventType "swiss"]
[EventRounds "9"]
[EventCountry "GER"]
[SourceTitle "CBM 209 Extra"]
[Source "ChessBase"]
[SourceDate "2022.09.30"]
[SourceVersion "1"]
[SourceVersionDate "2022.09.30"]
[SourceQuality "1"]

1. e4 c5 2. Nf3 d6 3. d4 cxd4 4. Nxd4 Nf6 5. Nc3 a6 6. Be3 e5 7. Nf3 Be7 8. Bc4 Be6 9. Bb3 0-0 10. 0-0 Nc6 11. Bg5 Nd7 12. Bxe7 Qxe7 13. Nd5 Bxd5 14. Bxd5 Nf6 15. c3 Qc7 16. Re1 Rad8 17. Qd3 Nxd5 18. Qxd5 Ne7 19. Qb3 Ng6 20. Rad1 Nf4 21. g3 Qc8 22. Re3 Qg4 23. Kh1 Nh3 24. Rd2 Kh8 25. Ng1 f5 26. exf5 Rxf5 27. Nxh3 Qxh3 28. Kg1 b5 29. Qe6 Rdf8 30. Rf3 h6 31. Rxd6 R8f6 32. Qc8+ Rf8 33. Rd8 1-0

[Event "GER-ch 93rd"]
[Site "Magdeburg"]
[Date "2022.08.14"]
[Round "1"]
[White "Parvanyan, Ashot"]
[Black "Koehler, Christian Friedrich"]
[Result "1-0"]
[WhiteElo "2424"]
[BlackElo "2285"]
[PlyCount "143"]
[EventDate "2022.08.14"]
[EventType "swiss"]
[EventRounds "9"]
[EventCountry "GER"]
[SourceTitle "CBM 209 Extra"]
[Source "ChessBase"]
[SourceDate "2022.09.30"]
[SourceVersion "1"]
[SourceVersionDate "2022.09.30"]
[SourceQuality "1"]

1. Nf3 f5 2. g3 Nf6 3. Bg2 g6 4. 0-0 Bg7 5. c4 0-0 6. d4 d6 7. Nc3 Qe8 8. d5 Na6 9. Rb1 c5 10. dxc6 bxc6 11. b4 Bd7 12. Qa4 Nc7 13. Qa5 Ne6 14. Bb2 Qf7 15. b5 Rfc8 16. Nd2 Nc5 17. Ba3 Nfe4 18. Ncxe4 Nxe4 19. Rfc1 Qe6 20. Nxe4 fxe4 21. bxc6 Bxc6 22. e3 Qd7 23. Bb2 Bf6 24. Bxf6 exf6 25. Rb2 Rab8 26. Rd2 Qe7 27. Rcd1 Be8 28. Qd5+ Kg7 29. Qxe4 Qxe4 30. Bxe4 Rxc4 31. Bd5 Rcb4 32. Bb3 Ba4 33. Rxd6 Bxb3 34. axb3 Rxb3 35. Rd7+ Kh6 36. Rxa7 Rb1 37. Rxb1 Rxb1+ 38. Kg2 g5 39. g4 Kg6 40. Ra6 Rb7 41. Kg3 Rb2 42. f3 Re2 43. e4 Kg7 44. h4 gxh4+ 45. Kxh4 h6 46. Ra7+ Kf8 47. Kh5 Rf2 48. Kg6 Rxf3 49. Rf7+ Ke8 50. Rxf6 Rh3 51. Ra6 Ke7 52. Kf5 Rf3+ 53. Ke5 Rg3 54. Ra7+ Kf8 55. Kf4 Rg1 56. e5 Rf1+ 57. Ke4 Re1+ 58. Kf5 Rf1+ 59. Kg6 Rg1 60. Rf7+ Ke8 61. Rf4 Ke7 62. Kxh6 Ke6 63. g5 Kxe5 64. Rf2 Ke6 65. g6 Rh1+ 66. Kg7 Rg1 67. Re2+ Kd6 68. Kh7 Rg4 69. g7 Rh4+ 70. Kg6 Rg4+ 71. Kf6 Kd7 72. Re5 1-0

[Event "Berlin Doppelbauer"]
[Site "Berlin"]
[Date "2022.08.08"]
[Round "2"]
[White "Parvanyan, Ashot"]
[Black "Fromm, Marius"]
[Result "1-0"]
[WhiteElo "2424"]
[BlackElo "2409"]
[PlyCount "77"]
[EventDate "2022.08.08"]
[EventType "tourn"]
[EventRounds "9"]
[EventCountry "GER"]
[EventCategory "8"]
[SourceTitle "CBM 209 Extra"]
[Source "ChessBase"]
[SourceDate "2022.09.30"]
[SourceVersion "1"]
[SourceVersionDate "2022.09.30"]
[SourceQuality "1"]

1. Nf3 d5 2. g3 Nf6 3. Bg2 e6 4. 0-0 Be7 5. c4 0-0 6. d4 dxc4 7. Qc2 b5 8. a4 Bb7 9. axb5 a6 10. Nc3 axb5 11. Rxa8 Bxa8 12. Nxb5 Bd5 13. Bg5 c5 14. dxc5 Qa5 15. Nfd4 Bxg2 16. Kxg2 Qb4 17. Rc1 Qxc5 18. Bxf6 Bxf6 19. Qxc4 Qb6 20. b4 g6 21. e3 Be7 22. h4 h5 23. Kg1 Rd8 24. Rb1 Qb7 25. Nc3 Bf6 26. b5 Bxd4 27. exd4 Rc8 28. Qd3 Nd7 29. d5 Ne5 30. Qe3 Ng4 31. Qd4 e5 32. Qd2 Qb6 33. Ne4 f5 34. Ng5 Rc3 35. d6 Rxg3+ 36. Kf1 Nh2+ 37. Ke2 Rg2 38. Qd5+ Kh8 39. Qxe5+ 1-0

[Event "Kiel Doppelbauer GM 2nd"]
[Site "Kiel"]
[Date "2022.07.03"]
[Round "7"]
[White "Pajeken, Jakob Leon"]
[Black "Parvanyan, Ashot"]
[Result "1/2-1/2"]
[WhiteElo "2434"]
[BlackElo "2428"]
[PlyCount "63"]
[EventDate "2022.06.29"]
[EventType "tourn"]
[EventRounds "9"]
[EventCountry "GER"]
[EventCategory "10"]
[SourceTitle "CBM 209 Extra"]
[Source "ChessBase"]
[SourceDate "2022.09.30"]
[SourceVersion "1"]
[SourceVersionDate "2022.09.30"]
[SourceQuality "1"]

1. Nf3 Nf6 2. g3 d5 3. Bg2 c6 4. 0-0 Bg4 5. d3 Nbd7 6. c4 e6 7. cxd5 exd5 8. Nc3 Bc5 9. e4 dxe4 10. dxe4 0-0 11. h3 Bxf3 12. Qxf3 Re8 13. Bf4 Ne5 14. Qe2 Qd3 15. Rfe1 Rad8 16. Rad1 Qxe2 17. Rxe2 Rxd1+ 18. Nxd1 Nd3 19. Bg5 h6 20. Bxf6 gxf6 21. Rd2 Ne5 22. Kf1 Kf8 23. Ke2 Ke7 24. f4 Nd7 25. Kf3 Nf8 26. Ne3 Bxe3 27. Kxe3 Ne6 28. Bf1 Rg8 29. g4 a5 30. Bc4 h5 31. Kf3 hxg4+ 32. hxg4 1/2-1/2

[Event "Kiel Doppelbauer GM 2nd"]
[Site "Kiel"]
[Date "2022.07.01"]
[Round "4"]
[White "Parvanyan, Ashot"]
[Black "Farokhi, Keyvan"]
[Result "1-0"]
[WhiteElo "2428"]
[BlackElo "2332"]
[PlyCount "69"]
[EventDate "2022.06.29"]
[EventType "tourn"]
[EventRounds "9"]
[EventCountry "GER"]
[EventCategory "10"]
[SourceTitle "CBM 209 Extra"]
[Source "ChessBase"]
[SourceDate "2022.09.30"]
[SourceVersion "1"]
[SourceVersionDate "2022.09.30"]
[SourceQuality "1"]

1. Nf3 d5 2. d4 Nf6 3. c4 e6 4. g3 Be7 5. Bg2 0-0 6. 0-0 c6 7. Qc2 b6 8. Rd1 Nbd7 9. b3 Re8 10. Bf4 Ba6 11. Nc3 b5 12. Ne5 Nxe5 13. dxe5 Nh5 14. Be3 g6 15. g4 Ng7 16. Ne4 bxc4 17. Bc5 Bxc5 18. Nxc5 Qc8 19. bxc4 Bxc4 20. Rab1 Qc7 21. f4 Reb8 22. e3 a5 23. Ne4 Ne8 24. g5 Qa7 25. Kf2 a4 26. Nd2 Bb5 27. Rdc1 d4 28. Qc5 dxe3+ 29. Kxe3 Qd7 30. Ne4 Qd3+ 31. Kf2 Rd8 32. Bf3 Rd4 33. Rd1 Qxe4 34. Bxe4 Rxe4 35. Rxb5 1-0

[Event "Bundesliga 2122"]
[Site "Germany"]
[Date "2022.05.15"]
[Round "8.5"]
[White "Wachinger, Nikolas"]
[Black "Parvanyan, Ashot"]
[Result "1-0"]
[WhiteElo "2376"]
[BlackElo "2462"]
[PlyCount "99"]
[EventDate "2022.03.05"]
[EventType "team-tourn"]
[EventRounds "15"]
[EventCountry "GER"]
[SourceTitle "EXT 2023"]
[Source "ChessBase"]
[SourceDate "2022.10.05"]
[SourceVersion "1"]
[SourceVersionDate "2022.10.05"]
[SourceQuality "1"]
[WhiteTeam "Werder Bremen"]
[BlackTeam "Kiel Turm"]
[WhiteTeamCountry "GER"]
[BlackTeamCountry "GER"]

1. e4 e5 2. Nf3 Nc6 3. Bb5 a6 4. Ba4 d6 5. 0-0 Bd7 6. c4 g6 7. d4 Bg7 8. d5 Nce7 9. Nc3 h6 10. Ne1 f5 11. Nd3 f4 12. Bxd7+ Qxd7 13. Qa4 f3 14. Qxd7+ Kxd7 15. g3 g5 16. h3 Rf8 17. Rd1 Ng6 18. Ne1 h5 19. Bxg5 h4 20. g4 Bh6 21. Bc1 Bxc1 22. Raxc1 Nf4 23. Kh2 Ne2 24. Rc2 Nd4 25. Rcd2 Nf6 26. Nc2 Nxc2 27. Rxc2 Nh7 28. Nb1 Ng5 29. Nd2 Rf4 30. Re1 b6 31. b4 Ra8 32. c5 bxc5 33. bxc5 Rb8 34. cxd6 cxd6 35. Rec1 Ke8 36. Rc8+ Rxc8 37. Rxc8+ Kf7 38. Rh8 Nxe4 39. Nxe4 Rxe4 40. Rxh4 Kg6 41. Rh8 Rd4 42. Ra8 Rxd5 43. Rxa6 Rd3 44. Kg3 e4 45. h4 Kh7 46. h5 d5 47. g5 Rd1 48. Ra7+ Kg8 49. h6 Rh1 50. Rd7 1-0